[Event "ODJM B 2024"]
[Site "Willingen GER"]
[Date "2024.05.25"]
[Round "9"]
[White "Roth, Jonas"]
[Black "Reuter, Luca Marek"]
[Result "1/2-1/2"]
[Termination "normal"]
[Board "13"]
[WhiteElo "1766"]
[BlackElo "1739"]
[WhiteClock "00:21:16"]
[BlackClock "00:41:43"]
[PlyCount "90"]
[WhiteFideId "34623515"]
[BlackFideId "16226712"]
[EventCountry "GER"]
[EventRounds "9"]
[EventType "swiss"]
[EventDate "2024.05.18"]

1. d4 {[%clk 01:30:58]} {[%emt 00:00:01]} Nf6 {[%clk 01:30:03]} {[%emt
00:00:58]} 2. Nf3 {[%clk 01:31:22]} {[%emt 00:00:05]} g6 {[%clk 01:29:20]}
{[%emt 00:01:13]} 3. Bf4 {[%clk 01:31:47]} {[%emt 00:00:05]} Bg7 {[%clk
01:29:39]} {[%emt 00:00:09]} 4. h4 {[%clk 01:32:12]} {[%emt 00:00:08]} d6
{[%clk 01:29:13]} {[%emt 00:00:56]} 5. c3 {[%clk 01:32:38]} {[%emt 00:00:04]}
Bg4 {[%clk 01:29:06]} {[%emt 00:00:36]} 6. e3 {[%clk 01:32:47]} {[%emt
00:00:21]} Nbd7 {[%clk 01:28:58]} {[%emt 00:00:39]} 7. Be2 {[%clk 01:33:12]}
{[%emt 00:00:04]} c5 {[%clk 01:28:31]} {[%emt 00:00:57]} 8. Nh2 {[%clk
01:33:31]} {[%emt 00:00:11]} Bxe2 {[%clk 01:28:55]} {[%emt 00:00:06]} 9. Qxe2
{[%clk 01:33:58]} {[%emt 00:00:04]} Nh5 {[%clk 01:28:56]} {[%emt 00:00:29]} 10.
Qf3 {[%clk 01:34:00]} {[%emt 00:00:27]} Qb6 {[%clk 01:26:46]} {[%emt 00:02:40]}
11. b3 {[%clk 01:33:23]} {[%emt 00:01:07]} cxd4 {[%clk 01:18:05]} {[%emt
00:09:11]} 12. exd4 {[%clk 01:32:43]} {[%emt 00:01:10]} Nxf4 {[%clk 01:17:09]}
{[%emt 00:01:26]} 13. Qxf4 {[%clk 01:32:39]} {[%emt 00:00:34]} O-O {[%clk
01:15:03]} {[%emt 00:02:36]} 14. Nf3 {[%clk 01:29:47]} {[%emt 00:03:21]} e5
{[%clk 01:14:45]} {[%emt 00:00:49]} 15. dxe5 {[%clk 01:26:26]} {[%emt
00:03:51]} dxe5 {[%clk 01:15:04]} {[%emt 00:00:11]} 16. Qc1 {[%clk 01:24:49]}
{[%emt 00:02:07]} e4 {[%clk 01:12:04]} {[%emt 00:03:31]} 17. Nh2 {[%clk
01:22:50]} {[%emt 00:02:28]} Ne5 {[%clk 01:08:46]} {[%emt 00:03:48]} 18. O-O
{[%emt 00:01:56]} Rac8 {[%clk 01:08:57]} 19. Qc2 {[%clk 01:11:28]} {[%emt
00:10:42]} f5 {[%clk 01:07:57]} {[%emt 00:01:33]} 20. a4 {[%clk 01:10:14]}
{[%emt 00:01:44]} Nd3 {[%clk 01:07:07]} {[%emt 00:01:19]} 21. Ra3 {[%clk
00:56:44]} {[%emt 00:14:01]} Qf6 {[%clk 01:01:22]} {[%emt 00:06:16]} 22. g3
{[%clk 00:51:07]} {[%emt 00:06:06]} f4 {[%clk 00:58:23]} {[%emt 00:03:29]} 23.
Qe2 {[%clk 00:43:31]} {[%emt 00:08:04]} Qf5 {[%clk 00:52:30]} {[%emt 00:06:25]}
24. g4 {[%clk 00:38:30]} {[%emt 00:05:30]} f3 {[%clk 00:52:40]} {[%emt
00:00:21]} 25. Qxd3 {[%clk 00:33:17]} {[%emt 00:05:43]} Qe5 {[%clk 00:48:03]}
{[%emt 00:05:08]} 26. Qe3 {[%clk 00:26:19]} {[%emt 00:07:27]} Rf4 {[%clk
00:43:40]} {[%emt 00:04:53]} 27. Kh1 {[%clk 00:25:26]} {[%emt 00:01:23]} Qf6
{[%clk 00:43:11]} {[%emt 00:00:59]} 28. Ra1 {[%clk 00:18:14]} {[%emt 00:07:42]}
Re8 {[%clk 00:37:13]} {[%emt 00:06:28]} 29. Nd2 {[%clk 00:15:51]} {[%emt
00:02:52]} Qxh4 {[%clk 00:37:16]} {[%emt 00:00:27]} 30. Rg1 {[%clk 00:13:53]}
{[%emt 00:02:29]} Be5 {[%clk 00:29:24]} {[%emt 00:08:22]} 31. Ndf1 {[%clk
00:14:10]} {[%emt 00:00:12]} g5 {[%clk 00:29:36]} {[%emt 00:00:19]} 32. Rd1
{[%clk 00:12:47]} {[%emt 00:01:53]} Rf6 {[%clk 00:29:30]} {[%emt 00:00:36]} 33.
Rd5 {[%clk 00:10:35]} {[%emt 00:02:41]} Bf4 {[%clk 00:28:53]} {[%emt 00:01:07]}
34. Qc5 {[%clk 00:09:36]} {[%emt 00:01:29]} Rh6 {[%clk 00:28:29]} {[%emt
00:00:55]} 35. Rg3 {[%clk 00:09:38]} {[%emt 00:00:28]} Rc6 {[%clk 00:17:27]}
{[%emt 00:11:32]} 36. Qd4 {[%clk 00:06:29]} {[%emt 00:03:38]} Bxg3 {[%clk
00:17:16]} {[%emt 00:00:42]} 37. fxg3 {[%clk 00:05:59]} {[%emt 00:01:00]} Qh3
{[%clk 00:09:16]} {[%emt 00:08:30]} 38. Rxg5+ {[%clk 00:05:23]} {[%emt
00:01:06]} Rg6 {[%clk 00:09:38]} {[%emt 00:00:08]} 39. Qd5+ {[%clk 00:05:08]}
{[%emt 00:00:44]} Kh8 {[%clk 00:09:53]} {[%emt 00:00:15]} 40. Qd4+ {[%clk
00:04:58]} {[%emt 00:00:40]} Kg8 {[%clk 00:10:18]} {[%emt 00:00:06]} 41. Rxg6+
{[%clk 00:05:10]} {[%emt 00:00:18]} hxg6 {[%clk 00:10:44]} {[%emt 00:00:04]}
42. Qd5+ {[%clk 00:02:29]} {[%emt 00:03:11]} Kh8 {[%clk 00:10:57]} {[%emt
00:00:17]} 43. Qd4+ {[%clk 00:00:47]} {[%emt 00:02:12]} Kg8 {[%clk 00:11:15]}
{[%emt 00:00:12]} 44. Qc4+ {[%clk 00:25:20]} {[%emt 00:05:58]} Kh8 {[%clk
00:41:29]} {[%emt 00:00:15]} 45. Qd4+ {[%clk 00:21:16]} {[%emt 00:04:34]} Kg8
{[%clk 00:41:43]} {[%emt 00:02:49]} 1/2-1/2

[Event "ODJM B 2024"]
[Site "Willingen GER"]
[Date "2024.05.25"]
[Round "9"]
[White "Hendler, Maximilian"]
[Black "Törpel, Cedrik"]
[Result "0-1"]
[Termination "normal"]
[Board "14"]
[WhiteElo "1616"]
[BlackElo "1779"]
[WhiteClock "01:27:31"]
[BlackClock "00:45:31"]
[PlyCount "24"]
[WhiteFideId "34616500"]
[BlackFideId "34660380"]
[EventCountry "GER"]
[EventRounds "9"]
[EventType "swiss"]
[EventDate "2024.05.18"]

1. e4 {[%clk 01:30:55]} {[%emt 00:00:05]} c6 {[%clk 01:30:54]} {[%emt
00:00:06]} 2. d4 {[%clk 01:31:19]} {[%emt 00:00:05]} d5 {[%clk 01:31:21]}
{[%emt 00:00:04]} 3. exd5 {[%clk 01:31:45]} {[%emt 00:00:04]} cxd5 {[%clk
01:31:49]} {[%emt 00:00:02]} 4. c4 {[%clk 01:32:07]} {[%emt 00:00:08]} Nf6
{[%clk 01:32:08]} {[%emt 00:00:11]} 5. Nc3 {[%clk 01:32:29]} {[%emt 00:00:07]}
Nc6 {[%clk 01:29:49]} {[%emt 00:02:50]} 6. Nf3 {[%clk 01:32:49]} {[%emt
00:00:10]} Bg4 {[%clk 01:22:14]} {[%emt 00:08:05]} 7. cxd5 {[%clk 01:33:06]}
{[%emt 00:00:13]} Nxd5 {[%clk 01:22:03]} {[%emt 00:00:41]} 8. Qb3 {[%clk
01:32:38]} {[%emt 00:00:58]} Bxf3 {[%clk 01:05:49]} {[%emt 00:16:44]} 9. Qxb7
{[%clk 01:31:13]} {[%emt 00:01:54]} Ndb4 {[%clk 00:50:57]} {[%emt 00:15:22]}
10. gxf3 {[%clk 01:29:59]} {[%emt 00:01:44]} Rb8 {[%clk 00:49:15]} {[%emt
00:02:12]} 11. a3 {[%clk 01:27:26]} {[%emt 00:03:04]} Rxb7 {[%clk 00:49:20]}
{[%emt 00:00:24]} 12. axb4 {[%clk 01:27:31]} {[%emt 00:00:26]} Nxd4 {[%clk
00:45:31]} {[%emt 00:04:19]} 0-1

[Event "ODJM B 2024"]
[Site "Willingen GER"]
[Date "2024.05.25"]
[Round "9"]
[White "Tomi, Emilian"]
[Black "Prashanthakumar, Arju"]
[Result "1-0"]
[Termination "normal"]
[Board "15"]
[WhiteElo "1649"]
[BlackElo "1668"]
[WhiteClock "00:15:17"]
[BlackClock "00:12:11"]
[PlyCount "63"]
[WhiteFideId "34651829"]
[BlackFideId "34604065"]
[EventCountry "GER"]
[EventRounds "9"]
[EventType "swiss"]
[EventDate "2024.05.18"]

1. e4 {[%clk 01:30:59]} e6 {[%clk 01:30:54]} {[%emt 00:00:07]} 2. d4 {[%clk
01:31:26]} {[%emt 00:00:03]} d5 {[%clk 01:31:19]} {[%emt 00:00:04]} 3. Nc3
{[%clk 01:31:52]} {[%emt 00:00:04]} Nf6 {[%clk 01:30:55]} {[%emt 00:00:55]} 4.
e5 {[%clk 01:32:17]} {[%emt 00:00:05]} Nfd7 {[%clk 01:31:17]} {[%emt 00:00:08]}
5. f4 {[%clk 01:32:41]} {[%emt 00:00:07]} c5 {[%clk 01:31:00]} {[%emt
00:00:45]} 6. Nf3 {[%clk 01:33:00]} {[%emt 00:00:12]} Nc6 {[%clk 01:31:24]}
{[%emt 00:00:05]} 7. Ne2 {[%clk 01:33:25]} {[%emt 00:00:05]} Qb6 {[%clk
01:26:42]} {[%emt 00:05:11]} 8. c3 {[%emt 00:01:27]} cxd4 {[%clk 01:23:39]}
{[%emt 00:03:32]} 9. cxd4 {[%clk 01:32:52]} {[%emt 00:00:08]} Bb4+ {[%clk
01:22:59]} {[%emt 00:01:11]} 10. Bd2 {[%clk 01:31:33]} {[%emt 00:01:49]} O-O
{[%clk 01:22:08]} {[%emt 00:01:19]} 11. Bc3 {[%clk 01:21:35]} {[%emt 00:10:30]}
f6 {[%clk 01:16:25]} {[%emt 00:06:13]} 12. Ng3 {[%clk 01:08:41]} {[%emt
00:13:24]} a6 {[%clk 01:02:05]} {[%emt 00:14:50]} 13. Qd2 {[%clk 00:56:43]}
{[%emt 00:12:28]} Bxc3 {[%clk 00:56:33]} {[%emt 00:06:02]} 14. bxc3 {[%clk
00:56:49]} {[%emt 00:00:23]} Qc7 {[%clk 00:53:05]} {[%emt 00:03:58]} 15. Bd3
{[%clk 00:51:45]} {[%emt 00:05:34]} f5 {[%clk 00:46:36]} {[%emt 00:06:58]} 16.
c4 {[%clk 00:40:05]} {[%emt 00:12:11]} dxc4 {[%clk 00:40:47]} {[%emt 00:06:19]}
17. Bxc4 {[%clk 00:40:26]} {[%emt 00:00:09]} Nb6 {[%clk 00:39:36]} {[%emt
00:01:41]} 18. Rc1 {[%clk 00:39:11]} {[%emt 00:01:46]} Rd8 {[%clk 00:33:13]}
{[%emt 00:06:53]} 19. Bb3 {[%clk 00:36:00]} {[%emt 00:03:41]} Qd7 {[%clk
00:27:26]} {[%emt 00:06:17]} 20. Nxf5 {[%clk 00:34:53]} {[%emt 00:01:36]} Nd5
{[%clk 00:23:31]} {[%emt 00:04:25]} 21. Nd6 {[%clk 00:34:05]} {[%emt 00:01:18]}
Nce7 {[%clk 00:19:46]} {[%emt 00:04:15]} 22. O-O {[%clk 00:31:10]} {[%emt
00:03:25]} b5 {[%clk 00:19:03]} {[%emt 00:01:13]} 23. Ng5 {[%clk 00:28:36]}
{[%emt 00:03:04]} Bb7 {[%clk 00:17:22]} {[%emt 00:02:11]} 24. Nge4 {[%clk
00:28:32]} {[%emt 00:00:34]} Bc8 {[%clk 00:14:58]} {[%emt 00:02:55]} 25. Nc5
{[%clk 00:24:38]} {[%emt 00:04:23]} Qa7 {[%emt 00:05:20]} 26. Nxc8 {[%clk
00:20:01]} Rdxc8 {[%clk 00:14:15]} {[%emt 00:01:30]} 27. Nxe6 {[%clk 00:20:12]}
{[%emt 00:00:19]} a5 {[%clk 00:12:46]} {[%emt 00:02:00]} 28. f5 {[%clk
00:15:24]} {[%emt 00:05:17]} a4 {[%clk 00:12:10]} {[%emt 00:01:07]} 29. Rxc8+
{[%clk 00:15:21]} {[%emt 00:00:33]} Rxc8 {[%clk 00:12:32]} {[%emt 00:00:08]}
30. Bxd5 {[%clk 00:15:29]} {[%emt 00:00:21]} Nxd5 {[%clk 00:12:56]} {[%emt
00:00:06]} 31. f6 {[%clk 00:15:42]} {[%emt 00:00:17]} Qf7 {[%clk 00:12:11]}
{[%emt 00:01:15]} 32. Ng5 {[%clk 00:15:17]} {[%emt 00:00:55]} 1-0

[Event "ODJM B 2024"]
[Site "Willingen GER"]
[Date "2024.05.25"]
[Round "9"]
[White "Kuhlmann, Nils Magnus"]
[Black "Borgmann, Simon"]
[Result "1/2-1/2"]
[Termination "normal"]
[Board "16"]
[WhiteElo "1757"]
[BlackElo "1683"]
[WhiteClock "00:27:30"]
[BlackClock "00:28:08"]
[PlyCount "49"]
[WhiteFideId "16287177"]
[BlackFideId "16234677"]
[EventCountry "GER"]
[EventRounds "9"]
[EventType "swiss"]
[EventDate "2024.05.18"]

1. e4 {[%clk 01:30:45]} {[%emt 00:00:14]} d5 {[%clk 01:30:14]} {[%emt
00:00:46]} 2. exd5 {[%clk 01:30:48]} {[%emt 00:00:27]} Qxd5 {[%clk 01:30:38]}
{[%emt 00:00:06]} 3. Nc3 {[%clk 01:30:37]} {[%emt 00:00:41]} Qa5 {[%clk
01:31:01]} {[%emt 00:00:07]} 4. d4 {[%clk 01:31:03]} {[%emt 00:00:04]} c6
{[%clk 01:31:23]} {[%emt 00:00:08]} 5. Nf3 {[%clk 01:31:01]} {[%emt 00:00:30]}
Nf6 {[%clk 01:27:12]} {[%emt 00:04:42]} 6. Ne5 {[%clk 01:27:46]} {[%emt
00:03:46]} Nbd7 {[%clk 01:21:39]} {[%emt 00:06:03]} 7. Nc4 {[%clk 01:26:43]}
{[%emt 00:01:32]} Qc7 {[%clk 01:16:20]} {[%emt 00:05:50]} 8. Qf3 {[%clk
01:25:41]} {[%emt 00:01:32]} e6 {[%clk 01:09:41]} {[%emt 00:07:09]} 9. Bf4
{[%clk 01:18:57]} {[%emt 00:07:13]} Qd8 {[%clk 01:09:31]} {[%emt 00:00:41]} 10.
Nd6+ {[%clk 01:14:05]} {[%emt 00:05:22]} Bxd6 {[%clk 01:06:31]} {[%emt
00:03:30]} 11. Bxd6 {[%clk 01:14:31]} {[%emt 00:00:04]} Nb6 {[%clk 01:05:38]}
{[%emt 00:01:24]} 12. Be5 {[%clk 01:13:53]} {[%emt 00:01:07]} Qe7 {[%clk
00:59:13]} {[%emt 00:06:55]} 13. a3 {[%clk 00:59:08]} {[%emt 00:15:15]} Nbd5
{[%clk 00:53:54]} {[%emt 00:05:49]} 14. Ne4 {[%clk 00:57:38]} Nxe4 {[%clk
00:52:17]} {[%emt 00:04:07]} 15. Qxe4 {[%clk 00:57:46]} {[%emt 00:00:22]} f6
{[%clk 00:43:31]} {[%emt 00:09:16]} 16. Bg3 {[%clk 00:57:37]} {[%emt 00:00:38]}
Kf7 {[%clk 00:38:53]} {[%emt 00:05:08]} 17. c4 {[%clk 00:56:39]} {[%emt
00:01:28]} Nb6 {[%clk 00:38:34]} {[%emt 00:00:50]} 18. Be2 {[%clk 00:56:39]}
{[%emt 00:00:30]} f5 {[%clk 00:33:59]} {[%emt 00:05:05]} 19. Qe3 {[%clk
00:49:43]} {[%emt 00:07:26]} Rd8 {[%clk 00:30:14]} {[%emt 00:04:14]} 20. Be5
{[%clk 00:47:22]} {[%emt 00:02:51]} Nd7 {[%clk 00:29:27]} {[%emt 00:01:18]} 21.
Bc7 {[%clk 00:31:43]} {[%emt 00:16:09]} Re8 {[%clk 00:29:44]} {[%emt 00:00:13]}
22. c5 {[%clk 00:32:02]} {[%emt 00:00:10]} Nxc5 {[%clk 00:28:19]} {[%emt
00:01:55]} 23. dxc5 {[%clk 00:30:08]} {[%emt 00:02:24]} Qxc7 {[%clk 00:28:42]}
{[%emt 00:00:08]} 24. Bh5+ {[%clk 00:29:35]} {[%emt 00:01:02]} g6 {[%clk
00:28:08]} {[%emt 00:01:04]} 25. Qh6 {[%clk 00:27:30]} {[%emt 00:02:36]}
1/2-1/2

[Event "ODJM B 2024"]
[Site "Willingen GER"]
[Date "2024.05.25"]
[Round "9"]
[White "Lieb, Max"]
[Black "Stülcken, Philipp"]
[Result "1/2-1/2"]
[Termination "normal"]
[Board "17"]
[WhiteElo "1662"]
[BlackElo "1780"]
[WhiteClock "00:08:57"]
[BlackClock "00:17:28"]
[PlyCount "67"]
[WhiteFideId "34630651"]
[BlackFideId "12986232"]
[EventCountry "GER"]
[EventRounds "9"]
[EventType "swiss"]
[EventDate "2024.05.18"]

1. d4 {[%clk 01:30:54]} {[%emt 00:00:06]} Nf6 {[%clk 01:30:54]} {[%emt
00:00:06]} 2. c4 {[%clk 01:31:16]} {[%emt 00:00:08]} e6 {[%clk 01:31:19]}
{[%emt 00:00:05]} 3. g3 {[%clk 01:31:41]} {[%emt 00:00:05]} d5 {[%clk
01:31:44]} {[%emt 00:00:06]} 4. Bg2 {[%clk 01:32:04]} {[%emt 00:00:06]} h6
{[%clk 01:32:02]} {[%emt 00:00:12]} 5. Nf3 {[%clk 01:31:50]} {[%emt 00:00:44]}
Bd6 {[%clk 01:32:17]} {[%emt 00:00:15]} 6. O-O {[%clk 01:31:14]} {[%emt
00:01:05]} O-O {[%clk 01:32:38]} {[%emt 00:00:09]} 7. Qc2 {[%clk 01:30:01]}
{[%emt 00:01:43]} Nbd7 {[%clk 01:31:45]} {[%emt 00:01:24]} 8. Rd1 {[%clk
01:28:36]} {[%emt 00:01:55]} b6 {[%clk 01:31:33]} {[%emt 00:00:43]} 9. cxd5
{[%clk 01:27:48]} {[%emt 00:01:18]} exd5 {[%clk 01:30:55]} {[%emt 00:01:07]}
10. Nc3 {[%clk 01:27:04]} {[%emt 00:01:14]} c6 {[%clk 01:28:56]} {[%emt
00:02:29]} 11. Nd2 {[%clk 01:14:49]} {[%emt 00:12:45]} Bb7 {[%clk 01:24:00]}
{[%emt 00:05:26]} 12. e4 {[%clk 01:13:22]} {[%emt 00:01:57]} dxe4 {[%clk
01:23:45]} {[%emt 00:00:45]} 13. Ncxe4 {[%clk 01:13:41]} {[%emt 00:00:10]} Nxe4
{[%clk 01:23:07]} {[%emt 00:01:08]} 14. Nxe4 {[%clk 01:13:50]} {[%emt
00:00:21]} Qc7 {[%clk 01:22:58]} {[%emt 00:00:40]} 15. Nxd6 {[%clk 01:13:36]}
{[%emt 00:00:44]} Qxd6 {[%clk 01:23:22]} {[%emt 00:00:06]} 16. Bf4 {[%clk
01:13:50]} {[%emt 00:00:15]} Qf6 {[%clk 01:22:56]} {[%emt 00:00:57]} 17. b4
{[%clk 01:06:06]} {[%emt 00:08:14]} g5 {[%clk 01:19:57]} {[%emt 00:03:28]} 18.
Bd2 {[%clk 01:03:26]} {[%emt 00:03:11]} Qd6 {[%clk 01:12:00]} {[%emt 00:08:26]}
19. Bc3 {[%clk 00:51:43]} {[%emt 00:12:14]} Nf6 {[%clk 01:10:30]} {[%emt
00:02:00]} 20. Re1 {[%clk 00:38:18]} {[%emt 00:13:55]} Nd5 {[%clk 01:07:56]}
{[%emt 00:03:04]} 21. Bd2 {[%clk 00:37:27]} {[%emt 00:01:20]} Rfe8 {[%clk
00:58:42]} {[%emt 00:09:44]} 22. Qf5 {[%clk 00:34:00]} {[%emt 00:03:57]} Qf6
{[%clk 00:41:48]} {[%emt 00:17:25]} 23. Qg4 {[%clk 00:29:34]} {[%emt 00:04:56]}
Kh8 {[%clk 00:30:07]} {[%emt 00:12:10]} 24. Qd7 {[%clk 00:20:13]} {[%emt
00:09:52]} Re7 {[%clk 00:26:10]} {[%emt 00:04:27]} 25. Rxe7 {[%clk 00:18:20]}
{[%emt 00:02:22]} Qxe7 {[%clk 00:26:34]} {[%emt 00:00:07]} 26. Qxe7 {[%clk
00:16:26]} {[%emt 00:02:24]} Nxe7 {[%clk 00:26:59]} {[%emt 00:00:05]} 27. Re1
{[%clk 00:16:27]} {[%emt 00:00:29]} Ng6 {[%clk 00:27:07]} {[%emt 00:00:22]} 28.
b5 {[%clk 00:16:05]} {[%emt 00:00:52]} Rc8 {[%clk 00:25:00]} {[%emt 00:02:37]}
29. Rc1 {[%clk 00:13:57]} {[%emt 00:02:38]} Ne7 {[%clk 00:25:06]} {[%emt
00:00:24]} 30. bxc6 {[%clk 00:12:31]} {[%emt 00:01:56]} Nxc6 {[%clk 00:24:36]}
{[%emt 00:01:00]} 31. d5 {[%clk 00:09:00]} {[%emt 00:04:00]} Nd8 {[%clk
00:23:14]} {[%emt 00:01:52]} 32. d6 {[%clk 00:09:15]} {[%emt 00:00:16]} Rxc1+
{[%clk 00:23:09]} {[%emt 00:00:35]} 33. Bxc1 {[%clk 00:09:39]} {[%emt
00:00:06]} f6 {[%clk 00:17:28]} {[%emt 00:06:11]} 34. Bh3 {[%clk 00:08:57]}
{[%emt 00:01:12]} 1/2-1/2

[Event "ODJM B 2024"]
[Site "Willingen GER"]
[Date "2024.05.25"]
[Round "9"]
[White "Farokhi, Darian"]
[Black "Seifert, Hendrik"]
[Result "1/2-1/2"]
[Termination "normal"]
[Board "19"]
[WhiteElo "1691"]
[BlackElo "1748"]
[WhiteClock "00:32:47"]
[BlackClock "00:02:09"]
[PlyCount "77"]
[WhiteFideId "16253108"]
[BlackFideId "16241193"]
[EventCountry "GER"]
[EventRounds "9"]
[EventType "swiss"]
[EventDate "2024.05.18"]

1. e4 {[%clk 01:30:58]} {[%emt 00:00:01]} e6 {[%clk 01:30:54]} {[%emt
00:00:06]} 2. d4 {[%clk 01:31:18]} {[%emt 00:00:09]} d5 {[%clk 01:31:21]}
{[%emt 00:00:04]} 3. e5 {[%clk 01:31:40]} {[%emt 00:00:07]} c5 {[%clk
01:31:48]} {[%emt 00:00:04]} 4. c3 {[%clk 01:32:04]} {[%emt 00:00:06]} Nc6
{[%clk 01:32:13]} {[%emt 00:00:05]} 5. Nf3 {[%clk 01:32:26]} {[%emt 00:00:08]}
Qb6 {[%clk 01:32:36]} {[%emt 00:00:07]} 6. a3 {[%clk 01:32:48]} {[%emt
00:00:08]} c4 {[%clk 01:33:02]} {[%emt 00:00:04]} 7. Nbd2 {[%clk 01:33:07]}
{[%emt 00:00:10]} Na5 {[%clk 01:33:21]} {[%emt 00:00:12]} 8. Be2 {[%clk
01:31:59]} {[%emt 00:01:38]} Bd7 {[%clk 01:33:39]} {[%emt 00:00:12]} 9. O-O
{[%clk 01:31:44]} {[%emt 00:00:44]} h6 {[%clk 01:33:48]} {[%emt 00:00:21]} 10.
h3 {[%clk 01:30:10]} {[%emt 00:02:05]} O-O-O {[%clk 01:28:36]} {[%emt
00:05:42]} 11. Re1 {[%clk 01:28:11]} {[%emt 00:02:29]} Ne7 {[%clk 01:25:12]}
{[%emt 00:03:52]} 12. Qc2 {[%clk 01:26:26]} {[%emt 00:02:17]} Kb8 {[%clk
01:22:59]} {[%emt 00:02:43]} 13. Bd1 {[%clk 01:26:05]} {[%emt 00:00:50]} Ka8
{[%clk 01:20:57]} {[%emt 00:02:33]} 14. Rb1 {[%clk 01:22:28]} {[%emt 00:04:07]}
Rc8 {[%clk 01:17:28]} {[%emt 00:04:00]} 15. b3 {[%clk 01:18:16]} {[%emt
00:04:42]} cxb3 {[%clk 01:17:30]} {[%emt 00:00:27]} 16. Nxb3 {[%clk 01:18:41]}
{[%emt 00:00:05]} Ba4 {[%clk 01:16:22]} {[%emt 00:01:38]} 17. Qa2 {[%clk
01:18:56]} {[%emt 00:00:15]} Bxb3 {[%clk 01:15:15]} {[%emt 00:01:37]} 18. Bxb3
{[%clk 01:19:03]} {[%emt 00:00:23]} Nxb3 {[%clk 01:15:05]} {[%emt 00:00:40]}
19. Rxb3 {[%clk 01:19:25]} {[%emt 00:00:08]} Qc7 {[%clk 01:06:33]} {[%emt
00:09:02]} 20. a4 {[%clk 01:13:33]} {[%emt 00:06:22]} Nc6 {[%clk 01:04:42]}
{[%emt 00:02:20]} 21. Bd2 {[%clk 01:04:42]} {[%emt 00:09:21]} Na5 {[%clk
01:00:17]} {[%emt 00:04:56]} 22. Rbb1 {[%clk 01:05:00]} {[%emt 00:00:11]} Nc4
{[%clk 00:55:00]} {[%emt 00:05:48]} 23. Rb3 {[%clk 01:05:09]} {[%emt 00:00:20]}
Qd7 {[%clk 00:44:41]} {[%emt 00:10:50]} 24. Reb1 {[%clk 01:04:21]} {[%emt
00:01:17]} Rc7 {[%clk 00:39:01]} {[%emt 00:06:10]} 25. Be1 {[%clk 01:04:05]}
{[%emt 00:00:47]} Be7 {[%clk 00:38:27]} {[%emt 00:01:04]} 26. Nd2 {[%clk
00:54:06]} {[%emt 00:10:28]} Nxd2 {[%clk 00:33:26]} {[%emt 00:05:33]} 27. Bxd2
{[%clk 00:54:24]} {[%emt 00:00:10]} Rb8 {[%clk 00:31:48]} {[%emt 00:02:09]} 28.
g3 {[%clk 00:44:23]} {[%emt 00:10:31]} Rc4 {[%clk 00:30:04]} {[%emt 00:02:14]}
29. Ra1 {[%clk 00:44:27]} {[%emt 00:00:26]} Rbc8 {[%clk 00:25:17]} {[%emt
00:05:17]} 30. Rb2 {[%clk 00:39:15]} {[%emt 00:05:41]} Bd8 {[%clk 00:15:24]}
{[%emt 00:10:24]} 31. Qb3 {[%clk 00:37:49]} {[%emt 00:01:55]} Ba5 {[%clk
00:13:35]} {[%emt 00:02:19]} 32. Rc2 {[%clk 00:38:00]} {[%emt 00:00:20]} R8c6
{[%clk 00:09:23]} {[%emt 00:04:42]} 33. Qb5 {[%clk 00:36:52]} {[%emt 00:01:38]}
b6 {[%clk 00:08:15]} {[%emt 00:01:38]} 34. Rac1 {[%clk 00:34:26]} {[%emt
00:02:56]} Rc7 {[%clk 00:07:48]} {[%emt 00:00:58]} 35. Qxd7 {[%clk 00:31:45]}
{[%emt 00:03:10]} Rxd7 {[%clk 00:08:11]} {[%emt 00:00:07]} 36. Ra2 {[%clk
00:31:52]} {[%emt 00:00:23]} Rdc7 {[%clk 00:05:02]} {[%emt 00:03:38]} 37. Ra3
{[%clk 00:32:10]} {[%emt 00:00:13]} Bb4 {[%clk 00:03:29]} {[%emt 00:02:03]} 38.
Rb3 {[%clk 00:32:32]} {[%emt 00:00:08]} Ba5 {[%clk 00:02:09]} {[%emt 00:01:50]}
39. Ra3 {[%clk 00:32:47]} {[%emt 00:00:15]} 1/2-1/2